000 00462nam a2200181Ia 4500
001 11873
005 20260306162900.0
008 260306t2024||||xx |||||||||||||| ||spa||
041 _aESP
082 _aHR 200
_bOCT-DIC 2024 SALESIANUM
110 _aPontificiae Studiorum Universitatis Salesianae - Romae
245 0 _aSalesianum
260 _c2024
300 _apáginas 636-851 :
_c24 cm.
650 _aGEN
654 _aCHU
942 _cREV
_dJUS
_fJUS
_2ddc
_n
999 _c11873
_d11873